000 00849cam a22002297a 4500
001 85148
003 BD-RjUL
005 20250709095813.0
008 250607s1950 ii b 000 0 urd
035 _a(BD-RjUL)85148
040 _aDLC
_cDLC
_dDLC
_beng
041 _aurd
082 _223
_a891.34914
_bABI 1950
245 0 0 _aاقبال كي شاعري / Iqbāl kī shāʻir /
_hعبدالمالک ;;Abdul Malek
260 _aDihlī :
_bمطبوعہ نظامی پریس,
_c1950
300 _a374 p. ;
_c23 cm.
490 1 _aSilsilah-yi mat̤būʻātadara i takbistanara ;
_vnambar 1
520 _aCollection of articles on Sir Muhammad Iqbal, 1877-1938, Urdu poet; special number of Urdu periodicals Risālah-yi Urdū.
600 1 0 _aIqbal, Muhammad,
_cSir,
_d1877-1938
_xCriticism and interpretation.
_98392
942 _2ddc
_cBK
999 _c85148
_d85148